| 000 | 00649nam a22001577a 4500 | ||
|---|---|---|---|
| 003 | OSt | ||
| 005 | 20160215160910.0 | ||
| 008 | 160215b xxu||||| |||| 00| 0 eng d | ||
| 040 | _cRUA | ||
| 082 | _aMGR NUT 2010 B397 Or.1 | ||
| 100 |
_97199 _aNUTH SALAN; នុត សាឡន |
||
| 245 | _aRole of credit for rural development in prah sdach district prey veng province, តួនាទីឥណទានក្នុងការអភិវឌ្ឍន៍ជនបទ នៅស្រុកព្រះស្ដេច ខេត្តព្រៃវែង | ||
| 260 |
_aPhnom Penh _bRUA _c2010 |
||
| 300 |
_axiii ;69p. _bill. _c29cm. |
||
| 942 |
_2ddc _cNRM |
||
| 999 |
_c6767 _d6767 |
||